[Event "España ch 2009 femenino"]
[Site "Almansa ESP"]
[Date "2009.08.01"]
[Round "6.3"]
[White "Aranaz Murillo, Amalia"]
[Black "Vega Gutierrez, Belinda"]
[Result "1/2-1/2"]
[WhiteElo "2061"]
[BlackElo "2254"]
[PlyCount "87"]
[EventDate "2009.07.28"]
[EventType "swiss"]
[EventRounds "9"]
[EventCountry "ESP"]
[Source "lmi"]
[SourceDate "2009.07.28"]

1. Nf3 d5 2. d4 Nf6 3. c4 dxc4 4. e3 Bg4 5. Bxc4 e6 6. O-O Nbd7 7. Be2 c5 8.
Nbd2 Qc7 9. dxc5 Bxc5 10. Nb3 Bd6 11. h3 Bh5 12. Nfd4 Bxe2 13. Qxe2 a6 14. Bd2
Ne4 15. Rac1 Qb8 16. Rfd1 O-O 17. Bc3 Ndf6 18. Nd2 Rc8 19. Nxe4 Nxe4 20. Qd3
Bh2+ 21. Kf1 Nxc3 22. Rxc3 Rxc3 23. Qxc3 Be5 24. Qd2 Bf6 25. b3 Qc7 26. Rc1 Qb6
27. Qc3 Rd8 28. Qc5 Qxc5 29. Rxc5 g6 30. Rc7 Rb8 31. Ke2 Kf8 32. Nf3 Bd8 33.
Rc4 Ke7 34. g4 h6 35. Ne5 g5 36. Rb4 Bc7 37. Nd3 b5 38. Rd4 Bd6 39. Nb4 Bxb4
40. Rxb4 Rc8 41. a4 bxa4 42. Rxa4 Rc2+ 43. Kf3 Rb2 44. Rxa6 1/2-1/2

[Event "España ch 2009 femenino"]
[Site "Almansa ESP"]
[Date "2009.08.01"]
[Round "6.4"]
[White "Guadamuro Torrente, Anabel"]
[Black "Gil Quilez, Sonia"]
[Result "1-0"]
[WhiteElo "2136"]
[BlackElo "2017"]
[PlyCount "95"]
[EventDate "2009.07.28"]
[EventType "swiss"]
[EventRounds "9"]
[EventCountry "ESP"]
[Source "lmi"]
[SourceDate "2009.07.28"]

1. e4 e5 2. Nf3 Nc6 3. Bc4 Nf6 4. d3 Be7 5. c3 O-O 6. Nbd2 d6 7. Bb3 Be6 8. Nc4
b5 9. Ne3 Na5 10. Bxe6 fxe6 11. b4 Nc6 12. Ng5 Qd7 13. Qb3 d5 14. Nxe6 Qxe6 15.
exd5 Qf7 16. dxc6 Rfd8 17. Qxf7+ Kxf7 18. Ke2 Rd6 19. a4 Rxc6 20. Bb2 e4 21. d4
Rb6 22. axb5 Rxb5 23. Nc4 Bd6 24. Ra6 Ke7 25. Rha1 Rb7 26. Ne3 Kd7 27. Bc1 c6
28. Bd2 Bc7 29. c4 Nh5 30. g3 Nf6 31. c5 Rbb8 32. Rxa7 Rxa7 33. Rxa7 Rd8 34.
Nc4 Kc8 35. Bf4 Bxf4 36. Nb6+ Kb8 37. Ra8+ Kc7 38. Rxd8 Kxd8 39. gxf4 Kc7 40.
h3 Kb7 41. Ke3 Ka6 42. d5 cxd5 43. Kd4 Kb5 44. Nxd5 Nd7 45. Kxe4 Nb8 46. Ne7
Kxb4 47. c6 Na6 48. Nd5+ 1-0

[Event "España ch 2009 femenino"]
[Site "Almansa ESP"]
[Date "2009.08.01"]
[Round "6.5"]
[White "Gutierrez Castillo, Paloma"]
[Black "Jimenez Lupianez, Laura"]
[Result "1-0"]
[WhiteElo "2132"]
[BlackElo "1968"]
[PlyCount "61"]
[EventDate "2009.07.28"]
[EventType "swiss"]
[EventRounds "9"]
[EventCountry "ESP"]
[Source "lmi"]
[SourceDate "2009.07.28"]

1. e4 e5 2. Nf3 Nc6 3. Bc4 Nf6 4. d3 h6 5. O-O d6 6. Re1 Na5 7. Bd5 c6 8. Bxf7+
Kxf7 9. b4 b5 10. bxa5 Qxa5 11. h3 Be7 12. d4 exd4 13. e5 Nd5 14. Nxd4 Qb6 15.
e6+ Kg8 16. Bb2 Bf6 17. c3 g6 18. Nd2 Nxc3 19. Qg4 Qxd4 20. Qxg6+ Bg7 21. Ne4
b4 22. Rad1 Qe5 23. f4 Qxe6 24. Nf6+ Qxf6 25. Re8+ Qf8 26. Rxf8+ Kxf8 27. Rxd6
Bxh3 28. gxh3 Re8 29. Rd7 Bd4+ 30. Kf1 Re7 31. Rd8+ 1-0

[Event "España ch 2009 femenino"]
[Site "Almansa ESP"]
[Date "2009.08.01"]
[Round "6.6"]
[White "Gonzalez Berruga, Ana Isabel"]
[Black "Perera Borrego, Mariela"]
[Result "0-1"]
[WhiteElo "2065"]
[BlackElo "1969"]
[PlyCount "44"]
[EventDate "2009.07.28"]
[EventType "swiss"]
[EventRounds "9"]
[EventCountry "ESP"]
[Source "lmi"]
[SourceDate "2009.07.28"]

1. d4 d5 2. c4 c6 3. Nf3 Nf6 4. Nc3 a6 5. Bf4 dxc4 6. e3 b5 7. a4 Bb7 8. Be2 e6
9. O-O Bb4 10. Qc2 O-O 11. Ne4 Nxe4 12. Qxe4 Nd7 13. b3 cxb3 14. d5 c5 15. axb5
Bxd5 16. Qb1 axb5 17. Rxa8 Qxa8 18. Bxb5 Nf6 19. Rc1 Rc8 20. Bf1 Qa3 21. Be5
Ra8 22. Bd3 Qa2 0-1

[Event "España ch 2009 femenino"]
[Site "Almansa ESP"]
[Date "2009.08.01"]
[Round "6.7"]
[White "Fidalgo Fernandez, Lucia"]
[Black "Collado Barbas, Laura"]
[Result "1-0"]
[WhiteElo "2131"]
[BlackElo "2055"]
[PlyCount "77"]
[EventDate "2009.07.28"]
[EventType "swiss"]
[EventRounds "9"]
[EventCountry "ESP"]
[Source "lmi"]
[SourceDate "2009.07.28"]

1. d4 d5 2. c4 e6 3. Nc3 c6 4. cxd5 exd5 5. Nf3 Bf5 6. Bg5 Qb6 7. Qd2 Nd7 8. e3
Ngf6 9. Bxf6 Nxf6 10. a3 Bd6 11. Be2 O-O 12. O-O Ne4 13. Qc1 Qd8 14. b4 a6 15.
Qb2 Qe7 16. Rfc1 Bg6 17. Nxe4 Bxe4 18. Nd2 Bg6 19. Nf1 Rae8 20. Ra2 f5 21. f4
Bf7 22. Bf3 g5 23. g3 h5 24. Rc2 Kh7 25. Rg2 Rg8 26. Qb1 Qf6 27. a4 Rg7 28.
Rac2 gxf4 29. gxf4 Reg8 30. b5 Rxg2+ 31. Bxg2 axb5 32. axb5 Be8 33. bxc6 Bxc6
34. Rb2 Rg7 35. Kh1 Qg6 36. Ng3 Rf7 37. Bh3 Bd7 38. Rxb7 Kh6 39. Rxd7 1-0

[Event "España ch 2009 femenino"]
[Site "Almansa ESP"]
[Date "2009.08.01"]
[Round "6.8"]
[White "Arce Calva, Elvira"]
[Black "Rodriguez Vinuesa, Azahara"]
[Result "0-1"]
[WhiteElo "1933"]
[BlackElo "2106"]
[PlyCount "64"]
[EventDate "2009.07.28"]
[EventType "swiss"]
[EventRounds "9"]
[EventCountry "ESP"]
[Source "lmi"]
[SourceDate "2009.07.28"]

1. e4 c5 2. Nc3 Nc6 3. g3 g6 4. Bg2 Bg7 5. d3 e6 6. Be3 b6 7. Qd2 Bb7 8. O-O-O
a6 9. f4 Nge7 10. e5 d5 11. exd6 Qxd6 12. Ne4 Qc7 13. g4 O-O-O 14. Qf2 Nd5 15.
Bd2 f5 16. Ng5 Rhe8 17. Re1 Qd7 18. h3 Ncb4 19. Bxb4 Nxb4 20. Bxb7+ Kxb7 21.
Kb1 Ka7 22. N5f3 Qd5 23. b3 Bc3 24. Re3 Bd4 25. Nxd4 cxd4 26. Rf3 Rc8 27. Qe1
Nxc2 28. Qd2 Na3+ 29. Ka1 Rc2 30. Qb4 Nb5 31. Kb1 Rec8 32. a4 Rc1+ 0-1

[Event "España ch 2009 femenino"]
[Site "Almansa ESP"]
[Date "2009.08.02"]
[Round "7.1"]
[White "Calzetta Ruiz, Monica"]
[Black "Vega Gutierrez, Sabrina"]
[Result "1-0"]
[PlyCount "101"]
[EventDate "2009.07.28"]
[EventType "swiss"]
[EventRounds "9"]
[EventCountry "ESP"]
[Source "lmi"]
[SourceDate "2009.07.28"]
[WhiteElo "2344"]
[BlackElo "2352"]

1. e4 c5 2. Nf3 e6 3. d4 cxd4 4. Nxd4 Nc6 5. Nc3 a6 6. Be2 d6 7. Be3 Nf6 8. f4
Be7 9. Qd2 Bd7 10. O-O-O h5 11. h3 h4 12. Rhe1 Qc7 13. Bf3 Nxd4 14. Bxd4 e5 15.
Be3 Rc8 16. Kb1 b5 17. fxe5 dxe5 18. Bg5 b4 19. Bxf6 bxc3 20. Qxd7+ Qxd7 21.
Rxd7 Bxf6 22. Ra7 cxb2 23. Rxa6 O-O 24. Rb6 Rc4 25. Rxb2 Rd8 26. Rb5 Rd2 27.
Re2 Rd1+ 28. Kb2 Be7 29. c3 Ra4 30. Rc2 Rd8 31. c4 Rda8 32. Kb1 Ba3 33. c5 g6
34. c6 Bd6 35. c7 Bxc7 36. Rxc7 Rxa2 37. Rb2 Rxb2+ 38. Kxb2 Kg7 39. Be2 Rd8 40.
Kc3 Rd4 41. Bc4 Rxe4 42. Rxf7+ Kh6 43. Bd3 Re3 44. Rf3 Rxf3 45. gxf3 Kg5 46.
Kc4 Kf4 47. Be4 Kg3 48. Kd5 Kxh3 49. Kxe5 Kg3 50. f4 h3 51. Bxg6 1-0

[Event "España ch 2009 femenino"]
[Site "Almansa ESP"]
[Date "2009.08.02"]
[Round "7.2"]
[White "Gonzalez Perez, Lutgarda"]
[Black "Gutierrez Castillo, Paloma"]
[Result "1/2-1/2"]
[PlyCount "79"]
[EventDate "2009.07.28"]
[EventType "swiss"]
[EventRounds "9"]
[EventCountry "ESP"]
[Source "lmi"]
[SourceDate "2009.07.28"]
[WhiteElo "2140"]
[BlackElo "2132"]

1. d4 Nf6 2. Nf3 c5 3. c3 d5 4. g3 cxd4 5. cxd4 Bf5 6. Bg2 h6 7. O-O e6 8. Nc3
Nc6 9. a3 Be7 10. b4 O-O 11. Bb2 Rc8 12. Rc1 Nd7 13. e3 Nb6 14. Nd2 a5 15. b5
Na7 16. Re1 Qd7 17. Bf1 Bg6 18. Qb3 Rc7 19. Na2 Rxc1 20. Rxc1 a4 21. Qc3 Rc8
22. Qa5 Rxc1 23. Bxc1 Nac8 24. Qc3 Nd6 25. Qb2 Ndc4 26. Nxc4 Nxc4 27. Bxc4 dxc4
28. Nc3 Bd3 29. f3 Bf6 30. Nxa4 Qd5 31. Kg2 e5 32. dxe5 Bxe5 33. Nc3 Bxc3 34.
Qxc3 Qxb5 35. Bb2 f6 36. Qb4 Qd5 37. e4 Qd7 38. Qc5 Be2 39. Kf2 Bd3 40. Kg2
1/2-1/2

[Event "España ch 2009 femenino"]
[Site "Almansa ESP"]
[Date "2009.08.02"]
[Round "7.3"]
[White "Perera Borrego, Mariela"]
[Black "Guadamuro Torrente, Anabel"]
[Result "1/2-1/2"]
[PlyCount "136"]
[EventDate "2009.07.28"]
[EventType "swiss"]
[EventRounds "9"]
[EventCountry "ESP"]
[Source "lmi"]
[SourceDate "2009.07.28"]
[WhiteElo "1969"]
[BlackElo "2136"]

1. d4 d5 2. Nf3 Nf6 3. c4 c6 4. e3 a6 5. Nc3 b5 6. cxd5 cxd5 7. Bd2 e6 8. Ne5
Bb7 9. a4 b4 10. Na2 a5 11. Bb5+ Nbd7 12. Qf3 Bc8 13. Qf4 Be7 14. Nc6 Qb6 15.
Rc1 b3 16. Nc3 h6 17. h4 Kf8 18. O-O g5 19. hxg5 hxg5 20. Qxg5 Bd6 21. f4 Rh5
22. Qg3 Bb7 23. Ne5 Nb8 24. Qf3 Rh7 25. Qd1 Na6 26. Rf3 Nc7 27. Qxb3 Ke7 28.
Bc4 Bb4 29. Bd3 Rg7 30. Na2 Rag8 31. Bxb4+ axb4 32. Rf2 Na6 33. Bxa6 Bxa6 34.
Qxb4+ Qxb4 35. Nxb4 Ne4 36. Rfc2 Bc4 37. Nxc4 dxc4 38. Rf1 Ng3 39. Rf3 Rh7 40.
Rxg3 Rxg3 41. Re2 Kd6 42. Nc2 f5 43. Ne1 Ra7 44. Kf2 Rg8 45. Nc2 Rxa4 46. Na3
Kd5 47. Nb5 Rb4 48. Nc3+ Kd6 49. e4 Rgb8 50. Nd1 fxe4 51. Ke3 Rb3+ 52. Kxe4 Rg8
53. Ne3 c3 54. Nc4+ Ke7 55. bxc3 Rxc3 56. Ne3 Ra3 57. g4 Ra4 58. f5 Kf6 59.
fxe6 Kxe6 60. Rb2 Kf6 61. Rb6+ Kg5 62. Rb5+ Kh4 63. Rh5+ Kg3 64. Re5 Rf8 65.
Rf5 Re8+ 66. Re5 Rf8 67. Rf5 Re8+ 68. Re5 Rf8 1/2-1/2

[Event "España ch 2009 femenino"]
[Site "Almansa ESP"]
[Date "2009.08.02"]
[Round "7.4"]
[White "Vega Gutierrez, Belinda"]
[Black "Fidalgo Fernandez, Lucia"]
[Result "1-0"]
[PlyCount "55"]
[EventDate "2009.07.28"]
[EventType "swiss"]
[EventRounds "9"]
[EventCountry "ESP"]
[Source "lmi"]
[SourceDate "2009.07.28"]
[WhiteElo "2254"]
[BlackElo "2131"]

1. e4 c5 2. Nf3 Nc6 3. d4 cxd4 4. Nxd4 Nf6 5. Nc3 d6 6. Be2 e5 7. Nb3 a5 8. Bb5
Bd7 9. Bg5 h6 10. Bxf6 Qxf6 11. O-O Qd8 12. a4 Be7 13. Nd5 O-O 14. Nd2 Be6 15.
Nc4 Bxd5 16. Qxd5 Qc7 17. c3 Kh7 18. Rad1 Kg8 19. Rd3 Rfd8 20. Rfd1 Bf8 21. Ne3
Ne7 22. Qb3 Rab8 23. Bc4 Ng6 24. Nd5 Qc6 25. Rf3 b6 26. Rxf7 Kh8 27. Rc7 Qe8
28. Ne3 1-0

[Event "España ch 2009 femenino"]
[Site "Almansa ESP"]
[Date "2009.08.02"]
[Round "7.5"]
[White "Garcia Vicente, Nieves"]
[Black "Sanchez Martin, Vanessa"]
[Result "1-0"]
[PlyCount "69"]
[EventDate "2009.07.28"]
[EventType "swiss"]
[EventRounds "9"]
[EventCountry "ESP"]
[Source "lmi"]
[SourceDate "2009.07.28"]
[WhiteElo "2193"]
[BlackElo "2102"]

1. d4 Nf6 2. Nf3 b6 3. Bg5 Bb7 4. Nbd2 g6 5. e3 Bg7 6. Bd3 O-O 7. O-O c5 8. c3
d5 9. a4 Nbd7 10. Qb1 a6 11. b4 c4 12. Bc2 Ne8 13. e4 f6 14. Bh4 Qc8 15. exd5
Bxd5 16. Be4 Bxe4 17. Qxe4 Nd6 18. Qxe7 Nf5 19. Qe6+ Kh8 20. Bg3 Re8 21. Qd5
Nxg3 22. hxg3 Qc7 23. Rfe1 Nf8 24. Qxc4 Qd7 25. Rxe8 Qxe8 26. a5 b5 27. Qd3 Rc8
28. Ne4 Qc6 29. Re1 Ne6 30. Nc5 Nxc5 31. dxc5 Qc7 32. Re6 Rd8 33. Rd6 Rxd6 34.
Qxd6 Qc8 35. c6 1-0

[Event "España ch 2009 femenino"]
[Site "Almansa ESP"]
[Date "2009.08.02"]
[Round "7.6"]
[White "Rodriguez Vinuesa, Azahara"]
[Black "Aranaz Murillo, Amalia"]
[Result "0-1"]
[PlyCount "134"]
[EventDate "2009.07.28"]
[EventType "swiss"]
[EventRounds "9"]
[EventCountry "ESP"]
[Source "lmi"]
[SourceDate "2009.07.28"]
[WhiteElo "2106"]
[BlackElo "2061"]

1. e4 c6 2. c4 d5 3. cxd5 cxd5 4. exd5 Nf6 5. Nc3 Nxd5 6. Bc4 Nb4 7. Nf3 Nd3+
8. Kf1 Nc6 9. Qb3 e6 10. Ne4 Nxc1 11. Rxc1 Be7 12. a3 O-O 13. Qe3 Bd7 14. d4
Na5 15. Bd3 Rc8 16. Rxc8 Bxc8 17. h4 f5 18. Neg5 Qd6 19. b4 Nc6 20. Bc4 Nd8 21.
Ke2 Bf6 22. Rd1 a6 23. Bb3 b5 24. Kf1 Re8 25. Ne5 Bb7 26. f4 h6 27. Ngf3 Nf7
28. Rc1 Rd8 29. Nxf7 Kxf7 30. Re1 Bd5 31. Ne5+ Kg8 32. Bxd5 Qxd5 33. Nf3 Kf7
34. Ne5+ Bxe5 35. dxe5 Qc4+ 36. Kg1 Rd3 37. Qa7+ Kg6 38. Rf1 Rxa3 39. h5+ Kh7
40. Qf7 Rg3 41. Kh2 Rg4 42. Rf3 Qxb4 43. Qxe6 Rh4+ 44. Kg1 Qe1+ 45. Rf1 Rh1+
46. Kxh1 Qxf1+ 47. Kh2 Qxf4+ 48. Kg1 Qd4+ 49. Kf1 Qd1+ 50. Kf2 Qxh5 51. Qd6
Qh4+ 52. Kf3 Qe4+ 53. Kf2 b4 54. e6 b3 55. e7 b2 56. Qb8 Qxe7 57. Qxb2 a5 58.
Qc3 a4 59. Qc2 Qe4 60. Qb2 Qd3 61. Qa2 a3 62. Kg1 Qc3 63. Qb1 Qa5 64. Qa2 Qc5+
65. Kh2 Qe5+ 66. Kh3 Qb2 67. Qe6 Qb1 0-1

[Event "España ch 2009 femenino"]
[Site "Almansa ESP"]
[Date "2009.08.02"]
[Round "7.7"]
[White "Grau Carreras, Monica"]
[Black "Salido Polo, Veronica"]
[Result "0-1"]
[PlyCount "84"]
[EventDate "2009.07.28"]
[EventType "swiss"]
[EventRounds "9"]
[EventCountry "ESP"]
[Source "lmi"]
[SourceDate "2009.07.28"]
[WhiteElo "2084"]
[BlackElo "1880"]

1. e4 c5 2. Nf3 d6 3. d3 g6 4. g3 Bg7 5. Bg2 Nc6 6. O-O e6 7. Nbd2 Nge7 8. Re1
O-O 9. Nf1 Rb8 10. h4 h6 11. N1h2 Kh7 12. Rb1 b5 13. Be3 e5 14. g4 f5 15. exf5
gxf5 16. gxf5 Bxf5 17. h5 Bf6 18. Nf1 Nd5 19. Ng3 Nxe3 20. Rxe3 Bg4 21. Ng5+
Bxg5 22. Qxg4 Nd4 23. c3 Rf4 24. Qd1 Ne6 25. Rf3 d5 26. Qe2 Qf6 27. Re1 Re8 28.
Re3 Rf8 29. Rf1 Rh4 30. Bxd5 Nf4 31. Be4+ Kh8 32. Qf3 Nh3+ 33. Kg2 Rf4 34. Kxh3
Rxf3 35. Rxf3 Qe6+ 36. Bf5 Qxa2 37. b4 cxb4 38. cxb4 Qb2 39. Re1 Bf4 40. Re4
Qb1 41. d4 Bxg3 42. Rxe5 Bxe5 0-1

[Event "España ch 2009 femenino"]
[Site "Almansa ESP"]
[Date "2009.08.02"]
[Round "7.8"]
[White "Gil Quilez, Sonia"]
[Black "Redondo Arguelles, Graciela"]
[Result "1/2-1/2"]
[PlyCount "114"]
[EventDate "2009.07.28"]
[EventType "swiss"]
[EventRounds "9"]
[EventCountry "ESP"]
[Source "lmi"]
[SourceDate "2009.07.28"]
[WhiteElo "2017"]
[BlackElo "2062"]

1. d4 d6 2. Nf3 Nd7 3. Bf4 g6 4. e3 Bg7 5. Bc4 Nb6 6. Bb3 Nf6 7. h3 O-O 8. O-O
a5 9. a3 Bf5 10. Nbd2 Ne4 11. Rc1 e5 12. Bh2 Nxd2 13. Qxd2 e4 14. Ne1 Qg5 15.
f4 exf3 16. Nxf3 Qe7 17. Rce1 a4 18. Ba2 h6 19. Qf2 Ra5 20. Re2 Be4 21. Qe1
Raa8 22. Ref2 Rae8 23. Nd2 Bd5 24. c4 Be6 25. Qd1 f5 26. Qf3 c5 27. Kh1 Bf7 28.
Qf4 Nc8 29. Nf3 Qxe3 30. Qxe3 Rxe3 31. Rd1 cxd4 32. Nxd4 Rfe8 33. Rff1 R8e4 34.
Bg1 Bxd4 35. Rxd4 Re2 36. Bb1 Rxd4 37. Bxd4 Bxc4 38. Rc1 d5 39. Bd3 Bxd3 40.
Rxc8+ Kf7 41. Rc7+ Ke8 42. Rg7 g5 43. Rg6 Be4 44. Kg1 Rxg2+ 45. Kf1 Rg3 46.
Rxh6 Bg2+ 47. Kf2 Rxh3 48. Rg6 Rd3 49. Be5 Be4 50. Rxg5 Kd7 51. Rg6 f4 52. Rd6+
Ke7 53. Rb6 f3 54. Rxb7+ Ke6 55. Bf4 Rb3 56. Rxb3 axb3 57. Ke3 Kf5 1/2-1/2